| 000 | 00687nam a2200301Ia 4500 | ||
|---|---|---|---|
| 008 | 160525s9999||||xx |||||||||||||| ||und|| | ||
| 040 | _cEnglish | ||
| 082 | _aXV.G/Shankaracharya | ||
| 082 | _bBORI-72040 | ||
| 100 | _aGautam Patel | ||
| 245 | _aAdi Sankaracarya | ||
| 260 | _aGandhinagar | ||
| 260 | _bGovernment of Gujarat | ||
| 260 | _c1992 | ||
| 300 | _axii+233 | ||
| 300 | _cF | ||
| 300 | _eHardbound | ||
| 530 | _bDandekar | ||
| 530 | _u00072040.pdf | ||
| 563 | _aRef | ||
| 600 | _aGautam Patel | ||
| 630 | _aAdi Sankaracarya | ||
| 650 | _aBiography | ||
| 650 | _aReference | ||
| 700 | _aGautam Patel | ||
| 730 | _aAdi Sankaracarya | ||
| 942 | _cBOOK | ||
| 999 |
_c1382754 _d1382751 |
||